Blue Lock : Primes Neo Egoist League 23/01/2025 - Statistiques

Statistiques générales
  • Ce quiz a été pris 353 fois
  • Le résultat moyen est 20 sur 35
Statistiques - réponses
Number16 Équipe Prime Joueur % Correct
5 FC Barcha 79.000.000 ¥ Meguru Bachira
99%
2 BastardMunchen 150.000.000 ¥ Yoichi Isagi
99%
1 Paris X Gen 198.000.000 ¥ Itoshi Rin
98%
3 Ubers 150.000.000 ¥ Shoei Baro
98%
11 Manshine City 40.000.000 ¥ Seishiro Nagi
96%
4 Paris X Gen 100.000.000 ¥ Ryusei Shido
95%
16 Manshine City 34.000.000 ¥ Mikage Reo
92%
7 Manshine City 55.000.000 ¥ Hyoma Chigiri
90%
8 BastardMunchen 50.000.000 ¥ Rensuke Kunigami
89%
10 FC Barcha 42.000.000 ¥ Eita Otoya
85%
11 Ubers 40.000.000 ¥ Ikki Niko
85%
6 Ubers 60.000.000 ¥ Oliver Aiku
85%
9 Ubers 45.000.000 ¥ Jyubei Aryu
78%
15 Paris X Gen 35.000.000 ¥ Tabito Karasu
72%
16 BastardMunchen 34.000.000 ¥ Ranze Kurona
71%
22 BastardMunchen 20.000.000 ¥ Yo Hiori
70%
23 BastardMunchen 18.000.000 ¥ Jingo Raichi
69%
13 Ubers 37.000.000 ¥ Shuto Sendo
69%
18 BastardMunchen 32.000.000 ¥ Gin Gagamaru
66%
14 BastardMunchen 36.000.000 ¥ Kenyu Yukimiya
62%
24 Paris X Gen 16.000.000 ¥ Nijiro Nanase
62%
20 Paris X Gen 23.000.000 ¥ Tsurugi Zantetsu
51%
20 Paris X Gen 23.000.000 ¥ Aoshi Tokimitsu
47%
19 Ubers 28.000.000 ¥ Gen Fukaku
30%
25 FC Barcha 15.000.000 ¥ Miroku Darai
22%
35 Manshine City 3.000.000 ¥ Hajime Nishioka
20%
27 Manshine City 10.000.000 ¥ Kazuma Nio
16%
29 Manshine City 8.200.000 ¥ Junichi Wanima
15%
28 Manshine City 9.000.000 ¥ Reiji Hiiragi
15%
32 Paris X Gen 5.000.000 ¥ Kento Cho
10%
34 FC Barcha 4.000.000 ¥ Kitsunezato Teru
6%
26 FC Barcha 13.000.000 ¥ Hayate Haru
5%
30 FC Barcha 7.000.000 ¥ Himizu Aiki
5%
32 FC Barcha 5.000.000 ¥ Wakatsuki Itsuki
4%
31 FC Barcha 6.000.000 ¥ Haiji Shizuka
2%
Aucun quiz correspondant
Distribution des résultats
% des personnes avec chaque résultat
Percentile par nombre de réponses
Votre historique - résultats
Vous n’avez pas pris ce quiz